| 000 | 00433nam a2200169Ia 4500 | ||
|---|---|---|---|
| 003 | LK-CoDNM | ||
| 008 | 010623t1998 xxu||||| |||| 00| 1 sin d | ||
| 040 |
_aLK-CoDNM _dLK-CoDNM _eLK-CoDNM |
||
| 041 | _asin | ||
| 100 | _aHerath,M.B. | ||
| 245 | _aවෙස්සගිරිය | ||
| 246 | _aVessagiriya | ||
| 260 |
_bArchaeological Department _aColombo _c1998 |
||
| 300 | _b1p,pl., 22 cm | ||
| 650 | _aArchaeology | ||
| 942 | _cBK | ||
| 999 |
_c119130 _d119130 |
||